[Event "Pfalz op-B 11th"]
[Site "Neustadt an der Weinstrasse"]
[Date "2020.02.24"]
[Round "6"]
[White "Bonath, Michael Alexander"]
[Black "Toth, Luca"]
[Result "1/2-1/2"]
[WhiteElo "1761"]
[BlackElo "1637"]
[PlyCount "109"]
[EventDate "2020.02.21"]
[EventType "swiss"]
[EventRounds "7"]
[EventCountry "GER"]
[SourceTitle "CBM 195 Extra"]
[Source "ChessBase"]
[SourceDate "2020.05.31"]
[SourceVersion "1"]
[SourceVersionDate "2020.05.31"]
[SourceQuality "1"]

1. d4 Nf6 2. c4 g6 3. Nf3 Bg7 4. Nc3 0-0 5. e4 d6 6. Be2 Nbd7 7. 0-0 e5 8. d5 Nc5 9. Qc2 c6 10. b4 Na6 11. Rb1 Qe7 12. dxc6 bxc6 13. Rd1 Nc7 14. b5 cxb5 15. Ba3 b4 16. Bxb4 Rd8 17. Nb5 Nxb5 18. cxb5 Bb7 19. Nd2 Bh6 20. f3 Be3+ 21. Kh1 Bd4 22. Nb3 Bb6 23. a4 Rac8 24. Qd2 Qe6 25. a5 Bc7 26. Rbc1 Ne8 27. Bc4 Qf6 28. Qe3 Bb8 29. Kg1 Qe7 30. b6 Bc6 31. Ba6 axb6 32. Bxc8 Rxc8 33. axb6 Qe6 34. Na5 Qd7 35. Nxc6 Rxc6 36. Qa3 Rxb6 37. Ra1 Qb7 38. Bd2 Rb3 39. Qa6 Qxa6 40. Rxa6 Kf8 41. Rc1 Ke7 42. Kf2 Nc7 43. Rac6 Kd7 44. Be3 Rb7 45. f4 f6 46. Kg3 exf4+ 47. Bxf4 Ne6 48. R6c3 Rb4 49. Kf3 Nxf4 50. Kxf4 d5+ 51. Kf3 dxe4+ 52. Ke3 f5 53. g3 g5 54. Rc4 Rb3+ 55. R1c3 1/2-1/2

[Event "Dortmund Sparkassen op-B 47th"]
[Site "Dortmund"]
[Date "2019.07.20"]
[Round "8"]
[White "Bonath, Michael Alexander"]
[Black "Strack, Patrick"]
[Result "1/2-1/2"]
[WhiteElo "1802"]
[BlackElo "1705"]
[PlyCount "69"]
[EventDate "2019.07.13"]
[EventType "swiss"]
[EventRounds "9"]
[EventCountry "GER"]
[SourceTitle "CBM 192 Extra"]
[Source "Chessbase"]
[SourceDate "2019.11.06"]
[SourceVersion "1"]
[SourceVersionDate "2019.11.06"]
[SourceQuality "1"]

1. d4 d5 2. c4 e6 3. Nc3 c5 4. cxd5 cxd4 5. Qa4+ Bd7 6. Qxd4 exd5 7. Qxd5 Nc6 8. Nf3 Nf6 9. Qd1 Bc5 10. e3 Qe7 11. a3 0-0-0 12. Qc2 g5 13. Be2 g4 14. Nd2 Kb8 15. 0-0 h5 16. b4 Bb6 17. Nc4 h4 18. Nxb6 axb6 19. Bb2 g3 20. Bf3 Rhg8 21. Ne4 Ne5 22. Bxe5+ Qxe5 23. Nxf6 Qxf6 24. fxg3 hxg3 25. h3 Bf5 26. Be4 Bxe4 27. Qxe4 Qc3 28. Rac1 Qd2 29. Qf4+ Ka7 30. Rc7 Rd3 31. Qf3 Qxe3+ 32. Qxe3 Rxe3 33. Rfxf7 Rd8 34. a4 Rd2 35. Rxb7+ 1/2-1/2

[Event "Dortmund Sparkassen op-B 47th"]
[Site "Dortmund"]
[Date "2019.07.18"]
[Round "6"]
[White "Bonath, Michael Alexander"]
[Black "Ahrends, Norbert"]
[Result "1/2-1/2"]
[WhiteElo "1802"]
[BlackElo "1905"]
[PlyCount "143"]
[EventDate "2019.07.13"]
[EventType "swiss"]
[EventRounds "9"]
[EventCountry "GER"]
[SourceTitle "CBM 192 Extra"]
[Source "Chessbase"]
[SourceDate "2019.11.06"]
[SourceVersion "1"]
[SourceVersionDate "2019.11.06"]
[SourceQuality "1"]

1. d4 d5 2. c4 c6 3. Nc3 Nf6 4. Nf3 e6 5. cxd5 exd5 6. Bg5 Be7 7. Qc2 h6 8. Bh4 0-0 9. e3 Be6 10. Be2 Nbd7 11. 0-0 Rc8 12. Rac1 Re8 13. Rfd1 Nf8 14. Qb3 Ne4 15. Bxe7 Qxe7 16. Qc2 Bf5 17. Nxe4 Bxe4 18. Qd2 Ng6 19. b4 Nh4 20. Nxh4 Qxh4 21. g3 Qh3 22. Bf1 Qg4 23. Bg2 Bxg2 24. Kxg2 Qe4+ 25. Kg1 h5 26. Qd3 Qg4 27. Kg2 h4 28. h3 Qg5 29. g4 Re4 30. Qe2 f5 31. Kh2 fxg4 32. hxg4 Rxg4 33. Rg1 Rxg1 34. Rxg1 Qe7 35. Qg4 Rf8 36. Rg2 Rf7 37. a3 Qf6 38. Kh3 Qh6 39. Kh2 Kh7 40. Kg1 Rf6 41. Kf1 Rg6 42. Qf5 a6 43. a4 b6 44. a5 bxa5 45. bxa5 h3 46. Rh2 Kg8 47. Rxh3 Qg5 48. Qc8+ Kf7 49. Qd7+ Qe7 50. Rf3+ Rf6 51. Qxc6 Qe6 52. Qxe6+ Kxe6 53. Rg3 g6 54. Ke2 Kd6 55. Rg5 Kc6 56. f3 Re6 57. Kd3 Rf6 58. Ke2 Rd6 59. Kd3 Kb5 60. e4 Kxa5 61. exd5 Kb5 62. Ke4 Kb6 63. Ke5 Kc7 64. Rg2 a5 65. Rc2+ Kd7 66. Rb2 Ra6 67. Rb7+ Kc8 68. Rh7 a4 69. d6 a3 70. Rh8+ Kd7 71. Rh7+ Kc8 72. Rh8+ 1/2-1/2

[Event "Dortmund Sparkassen op-B 47th"]
[Site "Dortmund"]
[Date "2019.07.17"]
[Round "5"]
[White "Schuelke, Tilman"]
[Black "Bonath, Michael Alexander"]
[Result "1/2-1/2"]
[WhiteElo "1780"]
[BlackElo "1802"]
[PlyCount "80"]
[EventDate "2019.07.13"]
[EventType "swiss"]
[EventRounds "9"]
[EventCountry "GER"]
[SourceTitle "CBM 192 Extra"]
[Source "Chessbase"]
[SourceDate "2019.11.06"]
[SourceVersion "1"]
[SourceVersionDate "2019.11.06"]
[SourceQuality "1"]

1. g3 d5 2. Bg2 Nf6 3. d3 e5 4. Nd2 Bc5 5. e3 0-0 6. h3 Qe7 7. Ne2 c6 8. a3 Re8 9. e4 Nbd7 10. 0-0 Nf8 11. b4 Bb6 12. c3 Ng6 13. c4 Be6 14. c5 Bc7 15. Nc3 Rad8 16. Qc2 Qd7 17. Kh2 h5 18. Nf3 dxe4 19. dxe4 Qd3 20. Qxd3 Rxd3 21. Bb2 Bb3 22. Rfe1 h4 23. Re2 Red8 24. Rae1 hxg3+ 25. fxg3 Kf8 26. Nb1 Bd1 27. Re3 Ke7 28. Nc3 Bxf3 29. Bxf3 Nf8 30. Kg2 Ne6 31. Rxd3 Rxd3 32. Rd1 Rxd1 33. Nxd1 Nd4 34. Kf2 a5 35. Bxd4 exd4 36. Nb2 Nd7 37. Nd3 axb4 38. axb4 Ke6 39. Bg4+ Ke7 40. Bd1 Ne5 1/2-1/2

[Event "Dortmund Sparkassen op-B 47th"]
[Site "Dortmund"]
[Date "2019.07.15"]
[Round "3"]
[White "Schulte, Hubert"]
[Black "Bonath, Michael Alexander"]
[Result "0-1"]
[WhiteElo "1672"]
[BlackElo "1802"]
[PlyCount "60"]
[EventDate "2019.07.13"]
[EventType "swiss"]
[EventRounds "9"]
[EventCountry "GER"]
[SourceTitle "CBM 192 Extra"]
[Source "Chessbase"]
[SourceDate "2019.11.06"]
[SourceVersion "1"]
[SourceVersionDate "2019.11.06"]
[SourceQuality "1"]

1. d4 d5 2. c4 c6 3. Nc3 Nf6 4. Nf3 dxc4 5. a4 Bf5 6. Nh4 Bg6 7. Nxg6 hxg6 8. e3 e6 9. Bxc4 Nbd7 10. f4 Bb4 11. Bd2 Nb6 12. Be2 Bxc3 13. bxc3 Ne4 14. Bf3 Ng3 15. Kf2 Nxh1+ 16. Qxh1 Nc4 17. Be1 Qb6 18. Rd1 Qb3 19. h3 Qxa4 20. Qf1 Qc2+ 21. Be2 b5 22. Kf3 0-0 23. Bf2 Qxc3 24. Bxc4 Qxc4 25. Qxc4 bxc4 26. Rc1 a5 27. Rxc4 a4 28. Be1 a3 29. Bc3 a2 30. Ba1 Rfb8 0-1

[Event "Dortmund Sparkassen op-B 47th"]
[Site "Dortmund"]
[Date "2019.07.14"]
[Round "2"]
[White "Bonath, Michael Alexander"]
[Black "Biessner, Eberhard"]
[Result "1/2-1/2"]
[WhiteElo "1802"]
[BlackElo "1685"]
[PlyCount "137"]
[EventDate "2019.07.13"]
[EventType "swiss"]
[EventRounds "9"]
[EventCountry "GER"]
[SourceTitle "CBM 192 Extra"]
[Source "Chessbase"]
[SourceDate "2019.11.06"]
[SourceVersion "1"]
[SourceVersionDate "2019.11.06"]
[SourceQuality "1"]

1. d4 Nf6 2. c4 e6 3. Nf3 Ne4 4. Qc2 f5 5. g3 b6 6. Bg2 Nc6 7. 0-0 Bb7 8. a3 Qf6 9. Rd1 Be7 10. b3 0-0 11. Bb2 Qf7 12. d5 Nd8 13. Ne5 Qe8 14. f3 Nf6 15. e4 fxe4 16. fxe4 d6 17. Nf3 e5 18. b4 Bc8 19. Nbd2 Ng4 20. Qd3 Bf6 21. Rac1 Qe7 22. h3 Nh6 23. Nb3 Nb7 24. Bc3 Bd7 25. Be1 Rad8 26. Bf2 Ba4 27. Rb1 Qd7 28. Rdc1 Qf7 29. c5 dxc5 30. bxc5 Bxb3 31. Qxb3 Kh8 32. cxb6 axb6 33. Qc4 Rd7 34. Be1 Nd6 35. Qc2 Qg6 36. Rb4 Nhf7 37. Ra4 Ng5 38. Qc6 Rdf7 39. Nh4 Qh6 40. Qc2 Bd8 41. Bd2 Qh5 42. Rf1 Rxf1+ 43. Bxf1 Nf3+ 44. Nxf3 Qxf3 45. Bg2 Qxg3 46. Ra8 h6 47. Bb4 Qe3+ 48. Kh1 Kh7 49. Qd2 Qg3 50. Qe1 Qd3 51. Bc3 Bh4 52. Qxh4 Rxa8 53. Bxe5 Rf8 54. Qg4 Ne8 55. h4 Qxa3 56. h5 Qe7 57. Qg6+ Kg8 58. Bd4 Qh4+ 59. Kg1 Nf6 60. Be5 Qxh5 61. Qxh5 Nxh5 62. Bxc7 b5 63. d6 Nf4 64. e5 Ne6 65. Bd5 Kf7 66. d7 Ke7 67. Bd6+ Kxd7 68. Bxe6+ Kxe6 69. Bxf8 1/2-1/2

[Event "Dortmund Sparkassen op-B"]
[Site "Dortmund"]
[Date "2015.07.03"]
[Round "7"]
[White "Zygan, Michael"]
[Black "Bonath, Michael Alexander"]
[Result "1-0"]
[WhiteElo "1609"]
[BlackElo "1717"]
[PlyCount "59"]
[EventDate "2015.06.27"]
[EventType "swiss"]
[EventRounds "9"]
[EventCountry "GER"]
[SourceTitle "CBM 167 Extra"]
[Source "ChessBase"]
[SourceDate "2015.09.14"]
[SourceVersion "1"]
[SourceVersionDate "2015.09.14"]
[SourceQuality "1"]

1. d4 Nf6 2. c4 e6 3. Nf3 d5 4. e3 c6 5. Nc3 Be7 6. Bd3 dxc4 7. Bxc4 b5 8. Bd3 a6 9. 0-0 Bb7 10. a4 Nbd7 11. Qe2 0-0 12. Bd2 Qb8 13. e4 e5 14. dxe5 Nxe5 15. Nxe5 Qxe5 16. Be3 b4 17. f4 Qa5 18. Nb1 Bc5 19. Nd2 Rfe8 20. Nc4 Bxe3+ 21. Qxe3 Qc7 22. e5 Nd5 23. Qh3 g6 24. Rae1 Bc8 25. f5 Qa7+ 26. Kh1 Qe7 27. Nd6 Rd8 28. Qg3 Ra7 29. h4 Rb7 30. Nxf7 1-0

[Event "Dortmund Sparkassen op-B"]
[Site "Dortmund"]
[Date "2014.07.19"]
[Round "8"]
[White "Hofer, Stefan"]
[Black "Bonath, Michael Alexander"]
[Result "1-0"]
[WhiteElo "1743"]
[BlackElo "1800"]
[PlyCount "97"]
[EventDate "2014.07.12"]
[EventType "swiss"]
[EventRounds "9"]
[EventCountry "GER"]
[SourceTitle "EXT 2022"]
[Source "ChessBase"]
[SourceDate "2021.10.06"]
[SourceVersion "1"]
[SourceVersionDate "2021.10.06"]
[SourceQuality "1"]

1. d4 d5 2. c4 e6 3. Nc3 Nf6 4. cxd5 exd5 5. Bg5 c6 6. e3 Be7 7. Bd3 0-0 8. Qc2 h6 9. Bh4 Re8 10. Nge2 Ne4 11. Bxe7 Qxe7 12. Bxe4 dxe4 13. Ng3 f5 14. 0-0 Na6 15. a3 Be6 16. Rfd1 Qf7 17. Qe2 Rac8 18. f3 Bc4 19. Qf2 Bd3 20. fxe4 fxe4 21. Qxf7+ Kxf7 22. Nf5 Rcd8 23. Rac1 Nc7 24. h4 Kg6 25. Ng3 Nd5 26. Nxd5 Rxd5 27. Rd2 Rc8 28. Ne2 Bxe2 29. Rxe2 Rb5 30. Rc3 Rf8 31. b4 Kh5 32. g3 Kg4 33. Rc5 Rxc5 34. bxc5 Rf3 35. Kh2 Rxg3 36. Rb2 Rxe3 37. Rxb7 Rxa3 38. Rxg7+ Kf3 39. Rg3+ Kf2 40. Rxa3 e3 41. Rxa7 e2 42. Re7 e1Q 43. Rxe1 Kxe1 44. d5 cxd5 45. c6 d4 46. c7 d3 47. c8Q d2 48. Qe6+ Kf2 49. Qd5 1-0

[Event "Dortmund Sparkassen op-B"]
[Site "Dortmund"]
[Date "2014.07.18"]
[Round "7"]
[White "Bonath, Michael Alexander"]
[Black "Friedel, Roland"]
[Result "1-0"]
[WhiteElo "1800"]
[BlackElo "1751"]
[PlyCount "105"]
[EventDate "2014.07.12"]
[EventType "swiss"]
[EventRounds "9"]
[EventCountry "GER"]
[SourceTitle "EXT 2022"]
[Source "ChessBase"]
[SourceDate "2021.10.06"]
[SourceVersion "1"]
[SourceVersionDate "2021.10.06"]
[SourceQuality "1"]

1. d4 d5 2. c4 dxc4 3. Nf3 Nf6 4. Nc3 e6 5. Bg5 Be7 6. e3 a6 7. Bxc4 b5 8. Bd3 Bb7 9. Rc1 0-0 10. a3 Nbd7 11. b4 Rc8 12. 0-0 Nd5 13. Bxe7 Qxe7 14. Ne4 N5b6 15. Nc5 Nxc5 16. Rxc5 Na4 17. Rh5 f5 18. Ne5 g6 19. Rh3 Nb6 20. Rg3 Qg7 21. h4 Nd7 22. Nxd7 Qxd7 23. h5 Kf7 24. Qe2 Rh8 25. h6 Qe7 26. Re1 Qh4 27. e4 Rhe8 28. exf5 exf5 29. Qa2+ Kf6 30. Rge3 Rxe3 31. Rxe3 Be4 32. Bxe4 Re8 33. Qa1 Qxh6 34. d5+ Kf7 35. Rc3 Qd2 36. Rxc7+ Re7 37. Rxe7+ Kxe7 38. Qe5+ Kd7 39. Qe6+ Kd8 40. Qg8+ Kd7 41. Qxh7+ Kd8 42. Qg8+ Kd7 43. Qf7+ Kd8 44. Qf6+ Kd7 45. Qc6+ Kd8 46. Qf6+ Kd7 47. Bxf5+ gxf5 48. Qxf5+ Kd8 49. Qf6+ Kd7 50. Qe6+ Kd8 51. g3 Qc1+ 52. Kg2 Qc4 53. Qd6+ 1-0

[Event "Dortmund Sparkassen op-B"]
[Site "Dortmund"]
[Date "2014.07.17"]
[Round "6"]
[White "Gawlick, Joachim"]
[Black "Bonath, Michael Alexander"]
[Result "1-0"]
[WhiteElo "1863"]
[BlackElo "1800"]
[PlyCount "63"]
[EventDate "2014.07.12"]
[EventType "swiss"]
[EventRounds "9"]
[EventCountry "GER"]
[SourceTitle "EXT 2022"]
[Source "ChessBase"]
[SourceDate "2021.10.06"]
[SourceVersion "1"]
[SourceVersionDate "2021.10.06"]
[SourceQuality "1"]

1. d4 d5 2. Nf3 Nf6 3. c4 e6 4. Nc3 c6 5. e3 Be7 6. Bd3 dxc4 7. Bxc4 b5 8. Bd3 Bb7 9. 0-0 0-0 10. Qe2 a6 11. b3 Nbd7 12. Bb2 c5 13. Ne5 Rc8 14. Rad1 Qc7 15. f4 Nb6 16. Qf2 b4 17. Ne2 Ne4 18. Bxe4 Bxe4 19. Ng3 Qb7 20. f5 Bh4 21. dxc5 Rxc5 22. fxe6 f6 23. Nd7 Rc2 24. Rd2 Bxg3 25. hxg3 Rfc8 26. Nxf6+ gxf6 27. Qxf6 Rxb2 28. Rxb2 Nd5 29. Qd4 Nc3 30. Rf7 Qxf7 31. exf7+ Kxf7 32. Qd7+ 1-0

[Event "Dortmund Sparkassen op-B"]
[Site "Dortmund"]
[Date "2011.07.26"]
[Round "4"]
[White "Truemper, Michael"]
[Black "Bonath, Michael Alexander"]
[Result "0-1"]
[WhiteElo "1601"]
[BlackElo "1917"]
[PlyCount "56"]
[EventDate "2011.07.23"]
[EventType "swiss"]
[EventRounds "9"]
[EventCountry "GER"]
[SourceTitle "EXT 2013"]
[Source "ChessBase"]
[SourceDate "2012.11.22"]
[SourceVersion "1"]
[SourceVersionDate "2012.11.22"]
[SourceQuality "1"]

1. d4 Nf6 2. Nc3 d5 3. Bg5 e6 4. e4 dxe4 5. Nxe4 Be7 6. Bxf6 Bxf6 7. Nf3 0-0 8. c3 b6 9. Bd3 Bb7 10. Qe2 Nd7 11. 0-0 Bxe4 12. Bxe4 Rc8 13. Bb7 Rb8 14. Bc6 Qe7 15. Rad1 Rbd8 16. Rfe1 Qd6 17. Qe4 Nb8 18. Ba4 c5 19. Rd2 cxd4 20. Nxd4 Qc5 21. Red1 Bxd4 22. Rxd4 Rxd4 23. Rxd4 b5 24. Bc2 g6 25. Qf4 e5 26. Qg5 f6 27. Bb3+ Kg7 28. Rd5 Qxd5 0-1

[Event "Dortmund Sparkassen op-B"]
[Site "Dortmund"]
[Date "2011.07.24"]
[Round "2"]
[White "Vestrick, Frank"]
[Black "Bonath, Michael Alexander"]
[Result "1-0"]
[WhiteElo "1621"]
[BlackElo "1917"]
[PlyCount "63"]
[EventDate "2011.07.23"]
[EventType "swiss"]
[EventRounds "9"]
[EventCountry "GER"]
[SourceTitle "EXT 2013"]
[Source "ChessBase"]
[SourceDate "2012.11.22"]
[SourceVersion "1"]
[SourceVersionDate "2012.11.22"]
[SourceQuality "1"]

1. d4 Nf6 2. c4 e6 3. Nc3 Bb4 4. Nf3 c5 5. e3 0-0 6. Bd3 b6 7. 0-0 cxd4 8. exd4 Bxc3 9. bxc3 Bb7 10. Bg5 h6 11. Bh4 d6 12. Re1 Nbd7 13. Re3 Qc7 14. h3 Rac8 15. Bg3 Qc6 16. Qb3 g5 17. Qb5 Kg7 18. Qxc6 Rxc6 19. Nd2 Rfc8 20. Ne4 Nxe4 21. Bxe4 d5 22. cxd5 Rxc3 23. dxe6 Rxe3 24. Bxb7 Rec3 25. Bxc8 Rxc8 26. exd7 Rd8 27. Rc1 Rxd7 28. Rc7 Rxc7 29. Bxc7 Kf6 30. Bb8 a6 31. Bc7 b5 32. Kf1 1-0

[Event "Duesseldorf Post op"]
[Site "Duesseldorf"]
[Date "2010.12.26"]
[Round "1"]
[White "Bonath, Michael Alexander"]
[Black "De Gleria, Francesco"]
[Result "0-1"]
[WhiteElo "1733"]
[BlackElo "2367"]
[PlyCount "68"]
[EventDate "2010.12.26"]
[EventType "swiss"]
[EventRounds "7"]
[EventCountry "GER"]
[SourceTitle "CBM 140 Extra"]
[Source "ChessBase"]
[SourceDate "2011.03.01"]
[SourceVersion "1"]
[SourceVersionDate "2011.03.01"]
[SourceQuality "1"]

1. d4 Nf6 2. c4 c5 3. d5 b5 4. b3 bxc4 5. bxc4 g6 6. Qc2 Bg7 7. Bb2 0-0 8. Nd2 d6 9. Ngf3 Bf5 10. Qc1 Na6 11. Nh4 Bd7 12. g3 Rb8 13. Bc3 e6 14. Bg2 exd5 15. cxd5 Nb4 16. Bxb4 Rxb4 17. 0-0 g5 18. a3 Ra4 19. Nhf3 Nxd5 20. Qc2 Bxa1 21. Rxa1 Qf6 22. Rd1 Qc3 23. Qb1 Qg7 24. Qb7 Be6 25. Nb1 g4 26. Nh4 Nc3 27. Nxc3 Qxc3 28. Qe7 Rxa3 29. Be4 Ra1 30. Qg5+ Kh8 31. Rxa1 Qxa1+ 32. Kg2 Qe5 33. Qh6 Qxe4+ 34. Kg1 Rb8 0-1

[Event "NRW U25 op"]
[Site "Olpe"]
[Date "2005.10.02"]
[Round "4.9"]
[White "Bonath, Michael Alexander"]
[Black "Taubert, Tobias"]
[Result "1-0"]
[WhiteElo "1761"]
[BlackElo "1469"]
[PlyCount "85"]
[EventDate "2005.10.01"]
[EventType "swiss"]
[EventRounds "7"]
[EventCountry "GER"]
[SourceTitle "CBM 108 Extra"]
[Source "ChessBase"]
[SourceDate "2005.11.04"]
[SourceVersion "1"]
[SourceVersionDate "2005.11.04"]
[SourceQuality "1"]

1. e4 e5 2. Nf3 Nc6 3. Bb5 d6 4. 0-0 a6 5. Ba4 Bd7 6. c3 g6 7. d4 Bg7 8. Re1 exd4 9. cxd4 Nge7 10. Nc3 0-0 11. Bb3 Bg4 12. Be3 Bxf3 13. gxf3 Na5 14. Bc2 Nc4 15. Bc1 Nc6 16. Ne2 Qf6 17. Qd3 b5 18. b3 Nb6 19. Bb2 Nb4 20. Qc3 Nxc2 21. Qxc2 Qg5+ 22. Ng3 c5 23. d5 Bxb2 24. Qxb2 Nd7 25. Kh1 Qf4 26. Re3 Ne5 27. Kg2 Ra7 28. Rg1 Qf6 29. Kf1 Nd7 30. Qe2 Qe5 31. Rd3 Re8 32. Qe3 Kf8 33. f4 Qa1+ 34. Kg2 Qg7 35. Kh1 Qh6 36. Qf3 Re7 37. Re3 Ra8 38. e5 Rae8 39. exd6 Rxe3 40. fxe3 f5 41. e4 fxe4 42. Nxe4 Qg7 43. Ng5 1-0

[Event "NRW U25 op"]
[Site "Olpe"]
[Date "2005.10.01"]
[Round "1.1"]
[White "Haecker, Alexander"]
[Black "Bonath, Michael Alexander"]
[Result "1-0"]
[WhiteElo "2191"]
[BlackElo "1761"]
[PlyCount "118"]
[EventDate "2005.10.01"]
[EventType "swiss"]
[EventRounds "7"]
[EventCountry "GER"]
[SourceTitle "CBM 108 Extra"]
[Source "ChessBase"]
[SourceDate "2005.11.04"]
[SourceVersion "1"]
[SourceVersionDate "2005.11.04"]
[SourceQuality "1"]

1. e4 e5 2. Nf3 Nc6 3. Bb5 a6 4. Ba4 Nf6 5. 0-0 Be7 6. Re1 b5 7. Bb3 d6 8. h3 0-0 9. c3 Bb7 10. d4 Nd7 11. Nbd2 Bf6 12. Nf1 Re8 13. Ng3 Na5 14. Bc2 Nb6 15. Nh5 c5 16. Nxf6+ Qxf6 17. d5 Bc8 18. Nh2 Qg6 19. Re3 f5 20. Rg3 Qf7 21. Bh6 g6 22. exf5 Bxf5 23. Bxf5 Qxf5 24. Rf3 Qh5 25. Ng4 Nd7 26. Rf6 Nb7 27. Qf3 e4 28. Qg3 Ne5 29. Bf4 Nxg4 30. hxg4 Qxd5 31. Bxd6 Re6 32. Rxe6 Qxe6 33. Bf4 Rd8 34. Be3 Qd5 35. Qh4 Rf8 36. Qg5 Qd6 37. g3 Rd8 38. Kg2 Qd5 39. Qe7 Rd7 40. Qe8+ Kg7 41. Rh1 Qf7 42. Bh6+ Kf6 43. Qxe4 Qd5 44. Qxd5 Rxd5 45. Bf4 g5 46. Rxh7 gxf4 47. Rxb7 f3+ 48. Kxf3 Rd2 49. Rb6+ Kg5 50. Rxa6 Rxb2 51. Rc6 c4 52. Rc5+ Kg6 53. Ke3 Rxa2 54. Rxb5 Rc2 55. Kd4 Rxf2 56. Kxc4 Rg2 57. g5 Rxg3 58. Re5 Rg1 59. Kc5 Rc1 1-0

[Event "Bethune op-B 24th"]
[Site "Bethune"]
[Date "2003.12.28"]
[Round "4"]
[White "Viard, Maxime"]
[Black "Bonath, Michael Alexander"]
[Result "1/2-1/2"]
[WhiteElo "1700"]
[BlackElo "1731"]
[PlyCount "83"]
[EventDate "2003.12.26"]
[EventType "swiss"]
[EventRounds "9"]
[EventCountry "FRA"]
[SourceTitle "EXT 2005"]
[Source "ChessBase"]
[SourceDate "2004.11.15"]
[SourceVersion "1"]
[SourceVersionDate "2004.11.15"]
[SourceQuality "1"]

1. e4 c5 2. Nf3 d6 3. d4 cxd4 4. Nxd4 Nf6 5. Nc3 a6 6. Be3 e6 7. Qd2 Be7 8. Be2 0-0 9. f3 Qc7 10. 0-0-0 Nc6 11. g4 Nxd4 12. Bxd4 e5 13. Be3 Be6 14. h4 Rfc8 15. h5 d5 16. exd5 Nxd5 17. Nxd5 Bxd5 18. Kb1 Rd8 19. Qe1 Rac8 20. Rc1 Qc6 21. Qa5 Bxf3 22. Bxf3 Qxf3 23. Qxe5 Bd6 24. Qg5 h6 25. Rhf1 Qe4 26. Qf5 Qxe3 27. Qxf7+ Kh8 28. Rce1 Qc5 29. c3 b5 30. Rf5 Qc7 31. Qg6 Rf8 32. Re6 Rxf5 33. gxf5 Bf8 34. Rxa6 Qd7 35. a3 Re8 36. Re6 Rd8 37. f6 gxf6 38. Rxf6 Re8 39. Qf5 Qd1+ 40. Ka2 Bg7 41. Qxb5 Rd8 42. Rb6 1/2-1/2

[Event "Bethune op-B 24th"]
[Site "Bethune"]
[Date "2003.12.27"]
[Round "3"]
[White "Bonath, Michael Alexander"]
[Black "Boulenguer, Sylvain"]
[Result "1-0"]
[WhiteElo "1731"]
[BlackElo "1500"]
[PlyCount "129"]
[EventDate "2003.12.26"]
[EventType "swiss"]
[EventRounds "9"]
[EventCountry "FRA"]
[SourceTitle "EXT 2005"]
[Source "ChessBase"]
[SourceDate "2004.11.15"]
[SourceVersion "1"]
[SourceVersionDate "2004.11.15"]
[SourceQuality "1"]

1. d4 d5 2. c4 e6 3. Nc3 Nf6 4. Bg5 c6 5. Nf3 Nbd7 6. Qc2 Bb4 7. e3 Qa5 8. Bxf6 Nxf6 9. Nd2 Bd7 10. Bd3 Rc8 11. Nb3 Bxc3+ 12. bxc3 Qc7 13. Rc1 0-0 14. Qe2 e5 15. Nc5 Bg4 16. f3 Bh5 17. g4 Bg6 18. Bxg6 hxg6 19. 0-0 Rfe8 20. cxd5 Nxd5 21. c4 Nf6 22. Qb2 b6 23. Nd3 exd4 24. exd4 Re3 25. Ne5 c5 26. Rfe1 Rxe1+ 27. Rxe1 cxd4 28. Qxd4 Qc5 29. Qxc5 Rxc5 30. Kf2 Rc8 31. Rd1 Re8 32. Nc6 Ra8 33. a4 Kf8 34. Ke3 Ne8 35. Rd7 Rc8 36. Ne5 Rc7 37. Kd4 Kg8 38. Rxc7 Nxc7 39. Nd7 f6 40. Nb8 Kf7 41. Nc6 a6 42. a5 bxa5 43. Nxa5 Ke6 44. Kc5 Kd7 45. Kb6 Kc8 46. Nc6 Kd7 47. Nb4 Kd6 48. c5+ Kd7 49. h4 f5 50. Nd3 Nd5+ 51. Kxa6 Kc6 52. gxf5 gxf5 53. Ka5 Ne7 54. Kb4 Kd5 55. Kc3 Ke6 56. Kd4 Nc6+ 57. Ke3 Ne7 58. Kf4 Kf6 59. Nb4 Ng6+ 60. Kg3 Ne7 61. c6 Nc8 62. Kf4 g6 63. c7 Nd6 64. Nd5+ Kg7 65. Ne7 1-0